Les marques Decathlon - Statistiques

Statistiques générales
  • Ce quiz a été pris 60 fois
  • Le résultat moyen est 5 sur 13
Statistiques - réponses
Hint Réponse % Correct
Football Kipsta
77%
Sports de montagne et camping Quechua
73%
Vélo B'Twin
62%
Tennis Artengo
56%
Course à pied Kalenji
42%
Gymnastique et musculation Domyos
31%
Chasse Solognac
27%
Natation Nabaiji
25%
Sports nautiques Tribord
21%
Pêche Caperlan
15%
Sports de glisse Oxelo
15%
Marche à pied Newfeel
12%
Tennis de table Pongori
10%
Aucun quiz correspondant
Distribution des résultats
% des personnes avec chaque résultat
Percentile par nombre de réponses
Votre historique - résultats
Vous n’avez pas pris ce quiz